000 00372nam a2200121Ia 4500
008 240731s9999 xx 000 0 und d
022 _a1530-017X
245 0 _aJournal of Neurotherapy : Investigations in Neuromodulation, Neurofeedback and Applied Neuroscience
260 _bRoutledge
856 _uhttps://www.tandfonline.com/loi/wneu20
942 _2ddc
942 _cTFEJ
999 _c78001
_d78001
945 _a1
_bMadushi Gamage
_c1
_dMadushi Gamage